LEADER 01415nam a2200301 u 4500 001 000000004163 003 CaOOAMICUS 005 20070226104624.0 008 950522s1987 it a u000 u ita u 020 $a8802040788 (set) 035 $a10108739 040 $aPUL(R)$bita 245 03$aLa societą contemporanea /$cdiretta da Valerio Castronovo e Luciano Gallino. 260 $aTorino :$bUnione Tipografico-Editrice Torinese,$cc1987. 300 $a2 v. :$bill. ;$c25 cm 500 $a"Opera promossa dal Consiglio Italiano per le Scienze Sociali". 504 $aIncludes bibliographies and indexes. 505 0 $av. 1. L'ambiente, l'economia e la politica / G. Balcet ... [et al.]. -- v. 2. La cultura, i gruppi e l'individuo / P. Amerio ... [et al.] 650 0$aSocial history$y1970-$2//eng$0(OLS)http://pul/subject/3510 700 1 $aGallino, Luciano.$0(OLS)http://pul/name/4303 700 1 $aCastronovo, Valerio,$d1935-$0(OLS)http://pul/name/4302 850 $aPUL 852 $aPUL$W1$xSL Cons. Gen., Altre Classi 1$y1$m2015 B$j104$nBK-PRI$b $qStampati$B5858$CPULBib$Z2$F5858 $H $81 941 1 $a8 961 $aINV: 69651 - 69562 996 $6020$a8802040788 (set)$9(OLS)http://pul/number/5363 996 $6245$aLa societą contemporanea$9(OLS)http://pul/title/6035 996 $6260$aTorino :$bUnione Tipografico-Editrice Torinese$9(OLS)http://pul/publisher/48798 LEADER 01392namaa2200349 i 4500 001 000000177476 003 CaOOAMICUS 005 20250109100223.0 007 tu 008 250109s it 000 u ita r 020 $a979-12-2230-860-9* 040 $aPUL$bita$erda 082 0 $a302.23 245 00$aComunicare il vero e il falso :$bla comunicazione oggi tra mondo digitale, etica e neuroscienze /$ca cura di Giorgio Sandrini...[et al.]. 264 4$c©2024. 264 1$aMilano ; Udine :$bMimesis,$c[2024] 300 $a275 pagine ;$c21 cm 336 $atesto$btxt$2rdacontent 337 $asenza mediazione$bn$2rdamedia 338 $avolume$bnc$2rdacarrier 490 1 $aMimesis ;$v 504 $aBibliografia in nota a pič pagina. 650 4$aComunicazione$xEtica.$0(OLS)http://pul/subject/38798 700 1 $aSandrini, Giorgio,$d1950-,$ecuratore.$0(OLS)http://pul/name/114165 850 $aPUL 852 $aPUL$W1$xSL Diritto e Scienze Sociali 3$y79$m302. 23 SANGI 1$j201430$qDDC 21$B206450$CPULBib$Z2$F206450 $H137569 $82 941 1 $a9 996 $6020$a979-12-2230-860-9*$9(OLS)http://pul/number/170146 996 $6082$a302.23$9(OLS)http://pul/classification/1682 996 $6264$aMilano ; Udine :$bMimesis$9(OLS)http://pul/publisher/81060 996 $6264$a[S.l.] :$b[s.n.]$9(OLS)http://pul/publisher/0